• 首页
  • 本馆介绍
  • 公告通知
  • 最新文献
  • 馆藏检索
  • 电子资源
  • 读者导购
  • 参考咨询
  • 我的图书馆
  • 登录
  • 详细信息显示
  • 放入我的书架
  • 预约/预借图书
  • 作者相关作品
  • 分类相关作品
  • 丛书相关作品
  • 出版社相关作品

书目信息

  • 表格格式
  • 工作单格式
  • 卡片格式
题名:
先秦文学作品选
    
 
作者: ;吉林师范大学中文系先秦文学作品选注释组 选注
分册:  
出版信息: 长春   吉林人民出版社  1980
页数: 211页
开本: 21cm
丛书名:
单 册:
中图分类: I212.1 , I211
科图分类:
主题词: 古典文学--作品--中国--先秦时代--选集
电子资源:
ISBN:
000 00749nam0 2200229 450
001 1561004905
005 20150121165713.50
010    @dCNY0.75
091    @a10091.757
100    @a19950414d1980 em y0chiy0110 ea
101 0  @achi
102    @aCN@b220000
105    @ay z 000zy
200 1  @a先秦文学作品选@9xian qin wen xue zuo pin xuan@f吉林师范大学中文系《先秦文学作品选》注释组选注
210    @a长春@c吉林人民出版社@d1980
215    @a211页@d21cm
606 0  @a古典文学@x作品@y中国@z先秦时代@x选集
690    @aI212.1@v5
690    @aI211@v4
711 02 @a吉林师范大学中文系先秦文学作品选注释组@9ji lin shi fan da xue zhong wen xi xian qin wen xue zuo pin xuan zhu shi zu@4选注
801  0 @aCN@bTSSF@c20150121
905    @aZUCC@dI211@eJY23
    
    先秦文学作品选/吉林师范大学中文系《先秦文学作品选》注释组选注.-长春:吉林人民出版社,1980
    211页;21cm
    
    
    ISBN :CNY0.75
    
●
相关链接 在E读中查询图书 在五车中查询图书 在当当中查询图书 在豆瓣中查询图书


正题名:先秦文学作品选     索取号:I211/JY23         预约/预借

序号 登录号 条形码 馆藏地/架位号 状态 备注
1 7856586   278565866   学院路分馆/ [索取号:I211/JY23] 在馆    
2 7856587   278565875   学院路分馆/ [索取号:I211/JY23] 在馆    
3 7856588   278565884   学院路分馆/ [索取号:I211/JY23] 在馆    
唐山师范学院图书馆 欢迎您!
大连网信软件有限公司© 版权所有